banner koha

Centro de Pesquisa e Aplicação de Bambu e Fibras Naturais: 10 anos de história (Registro n. 327942)

MARC details
000 -LÍDER
Campo de controle fixo 01025nam a22003497a 4500
001 - NÚMERO DE CONTROLE
Número de controle BR2024002797
003 - CÓDIGO MARC DA AGÊNCIA CATALOGADORA
Campo de controle BR-BrBNA
005 - DATA E HORA DA ÚLTIMA ATUALIZAÇÃO
Campo de controle 20241004163212.0
008 - CAMPO DE TAMANHO FIXO
Campo fixo de controle 241004b bl.||||| |||| 00| 0 por d
020 ## - ISBN - INTERNATIONAL STANDARD BOOK NUMBER
ISBN 978-85-67549-09-5
040 ## - FONTE DA CATALOGAÇÃO
Agência catalogadora BR-BrBNA
Idioma da catalogação por
041 ## - CÓDIGO DO IDIOMA
Código do Idioma por
072 ## - CATEGORIA AGRIS
Código da categoria de assunto/objeto <a href="B50 ; A50 ; E14">B50 ; A50 ; E14</a>
Código do objeto 0420
090 ## - NÚMERO DE CHAMADA
Localização na estante 0420 BR2024002797
100 0# - ENTRADA PRINCIPAL - NOME PESSOAL
Nome pessoal Vaz, Dâmares Ferreira (org.)
100 0# - ENTRADA PRINCIPAL - NOME PESSOAL
Nome pessoal Almeida, Jaime Gonçalves (org.)
245 ## - TÍTULO PRINCIPAL
Título principal Centro de Pesquisa e Aplicação de Bambu e Fibras Naturais: 10 anos de história
260 ## - IMPRENTA (PUBLICAÇÃO, DISTRIBUIÇÃO, ETC.)
Lugar de publicação, distribuição, etc. Brasília, DF (Brasil)
Nome do editor, distribuidor, etc. Vincere Associados
Data de publicação, distribuição, etc 2018
300 ## - DESCRIÇÃO FÍSICA
Extensão 144 p.
Detalhes físicos adicionais il.
Dimensões 24 cm
500 ## - NOTA GERAL
Notas gerais Bibliography p. 137-143 (120 ref.); 59 illus.
650 ## - ASSUNTO - THESAGRO
Cabeçalho tópico ou nome geográfico BAMBU
650 ## - ASSUNTO - THESAGRO
Cabeçalho tópico ou nome geográfico FIBRA VEGETAL
650 ## - ASSUNTO - THESAGRO
Cabeçalho tópico ou nome geográfico GRAMÍNEA
650 ## - ASSUNTO - THESAGRO
Cabeçalho tópico ou nome geográfico INSTITUIÇÃO DE PESQUISA
650 ## - ASSUNTO - THESAGRO
Cabeçalho tópico ou nome geográfico TECNOLOGIA
650 ## - ASSUNTO - THESAGRO
Cabeçalho tópico ou nome geográfico PROPRIEDADE FÍSICA
650 ## - ASSUNTO - THESAGRO
Cabeçalho tópico ou nome geográfico PROPRIEDADE MECÂNICA
650 ## - ASSUNTO - THESAGRO
Cabeçalho tópico ou nome geográfico CAPACITAÇÃO
650 ## - ASSUNTO - THESAGRO
Cabeçalho tópico ou nome geográfico HISTÓRIA
909 ## - IDENTIFICAÇÃO DO CATALOGADOR
Ano e mês da catalogação (aaaamm) 202410
Identificação do catalogador Fernando
942 ## - TIPO ESPECÍFICO
Tipo de material Livros
952 ## - LOCATION AND ITEM INFORMATION (KOHA)
-- 2024-10-04
Exemplares
Status de empréstimo Fonte de classificação Status de danificação Não pode ser emprestado Código da coleção Localização permanente Localização atual Localização na estante Total Checkouts Número de chamada Código de barras Tipo de material
  Classificação AGRIS     Agrobase Biblioteca Nacional de Agricultura - Binagri Biblioteca Nacional de Agricultura - Binagri Agrobase - Acervo Geral   0420 BR2024002797 2024-5538 Livros

BINAGRI

Telefone: (61)3218-2567/2388/3357/2097 - binagri@agro.gov.br

Ministério da Agricultura e Pecuária , Esplanada dos Ministérios, Bloco D, Anexo B, Brasília/DF, CEP: 70.043-900